Movies Quiz

Random Movies Quiz
Score 0/10 Timer 05:00
0 Plays Today
Earnings Movie % Correct
$332.9 millionGuardians of the Galaxy
87.7%
$259.8 millionCaptain America: The Winter Soldier
75.4%
$308.9 millionThe Hunger Games: Mockingjay, Part 1
69.2%
$245.4 millionTransformers: Age of Extinction
64.6%
$257.8 millionThe Lego Movie
56.9%
$233.9 millionX-Men: Days of Future Past
55.4%
$201.5 millionBig Hero 6
43.1%
$202.9 millionThe Amazing Spider-Man 2
40%
$241.4 millionMaleficent
35.4%
$208.6 millionDawn of the Planet of the Apes
33.8%
Remove Ads.
Support Sporcle.
Get the best of Sporcle when you Go Orange. This ad-free experience offers more features, more stats, and more fun while also helping to support Sporcle. Thank you for becoming a member.

You're not logged in!

Compare scores with friends on all Sporcle quizzes.
OR
Log In

Show Comments

Extras

Created Jan 2, 2015SourceReportNominate
Tags:2014, Earning, ten

Top Quizzes Today


Score Distribution

Your Account Isn't Verified!

In order to create a playlist on Sporcle, you need to verify the email address you used during registration. Go to your Sporcle Settings to finish the process.

Report this User

Report this user for behavior that violates our Community Guidelines.

Details: